| 000 | 01075cam a22002771i 4500 | ||
|---|---|---|---|
| 003 | SA-RiAUC | ||
| 005 | 20250524170140.0 | ||
| 008 | 250522s1989 sj g b i000 0 ara c | ||
| 040 |
_aJO-AmJU _bara _cSA-RiAUC _erda |
||
| 082 | 0 | 4 |
_a219.5 _qSA-RiAUC |
| 090 |
_a219.5 _bع م ر |
||
| 100 | 1 |
_aعمر، إبراهيم أحمد _eمؤلف. |
|
| 245 | 1 | 0 |
_aفلسفة التنمية : _bرؤية إسلامية / _cإبراهيم أحمد عمر. |
| 250 | _aالطبعة الأولى. | ||
| 264 | 1 |
_aالخرطوم : _bالمعهد العالمي للفكر الإسلامي، _c1989 |
|
| 300 |
_a70 صفحة ؛ _c24 سم |
||
| 336 |
_aنص _btxt _2rdacontent _3كتاب |
||
| 337 |
_aبدون وسيط _bn _2rdamedia |
||
| 338 |
_aمجلد _bnc _2rdacarrier |
||
| 504 | _aببليوجرافية : صفحة 70. | ||
| 590 | _aأحمد / المقرشي. | ||
| 650 | 7 |
_aالإسلام والتنمية الاجتماعية _2aucsh |
|
| 650 | 7 |
_aالإسلام والإصلاح الاقتصادي _2aucsh |
|
| 942 |
_2ddc _cBOOK _n0 |
||
| 949 |
_aSA-JeALM _d250522 _umohamedma123 _n1 |
||
| 999 |
_c8344 _d8344 |
||